ARRUPE JESUIT UNIVERSITY

CORONAVIRUS -STOP THE SPREAD - CLEAN,DISINFECT,COVER

Pour un nouveau roman. (Record no. 124166)

MARC details
000 -LEADER
fixed length control field 00719cam a22002411 4500
001 - CONTROL NUMBER
control field 9408561
003 - CONTROL NUMBER IDENTIFIER
control field ARRUPE
005 - DATE AND TIME OF LATEST TRANSACTION
control field 20160211154330.0
008 - FIXED-LENGTH DATA ELEMENTS--GENERAL INFORMATION
fixed length control field 720302s19641963fr 000 0 eng
010 ## - LIBRARY OF CONGRESS CONTROL NUMBER
LC control number 66038580
035 ## - SYSTEM CONTROL NUMBER
System control number (OCoLC)254510
040 ## - CATALOGING SOURCE
Original cataloging agency DLC
Transcribing agency OSW
Modifying agency TNJ
-- DLC
042 ## - AUTHENTICATION CODE
Authentication code premarc
050 00 - LIBRARY OF CONGRESS CALL NUMBER
Classification number PN3503.
Item number .R583
300 ## - PHYSICAL DESCRIPTION
Dimensions 16 cm.
100 1# - MAIN ENTRY--PERSONAL NAME
Personal name Robbe-Grillet, Alain,
Dates associated with a name 1922-2008.
9 (RLIN) 22268
245 10 - TITLE STATEMENT
Title Pour un nouveau roman.
Statement of responsibility, etc by Robbe-Grillet, Alain,
260 ## - PUBLICATION, DISTRIBUTION, ETC. (IMPRINT)
Place of publication, distribution, etc Paris
Name of publisher, distributor, etc Les editions de minuit
Date of publication, distribution, etc c1963
300 ## - PHYSICAL DESCRIPTION
Extent 183 p.;
490 0# - SERIES STATEMENT
Series statement Collection critique
650 #0 - SUBJECT ADDED ENTRY--TOPICAL TERM
Topical term or geographic name as entry element Fiction.
Form subdivision addresses
Chronological subdivision 20th century
9 (RLIN) 22269
906 ## - LOCAL DATA ELEMENT F, LDF (RLIN)
a 7
b cbc
c oclcrpl
d u
e ncip
f 19
g y-gencatlg
942 ## - ADDED ENTRY ELEMENTS (KOHA)
Source of classification or shelving scheme Library of Congress Classification
Koha item type Monograph ( Printed materials)
Holdings
Withdrawn status Lost status Source of classification or shelving scheme Damaged status Not for loan Collection code Home library Current library Shelving location Date acquired Total Checkouts Full call number Barcode Date last seen Price effective from Koha item type
    Library of Congress Classification     Main Collection ARRUPE LIBRARY ARRUPE LIBRARY Main Collection 11/02/2016   PN3503.R583 46500006811 27/03/2019 11/02/2016 Monograph ( Printed materials)

 

Arrupe Library. PO Box MP320 Mt Pleasant, Harare, Zimbabwe
263 242 745411|librarian@aju.ac.zw